01177nam a2200265 a 4500001001000000003000300010005001700013008004100030020001800071020001500089082002100104245006200125250024000187260006500427300005700492504005100549650002800600650002900628653001900657700002700676710004500703942001200748999001700760952013400777015990397Uk20130326152533.0111120s2012 dcua b 001 0 eng d a9780875530130 a087553013304a628.161223bSTA00aStandard Methods for Examination of Water and Wastewater. a22nd ed. /bprepared and published jointly by American Public Health Association, American Water Works Association, Water Environment Federation ; joint editorial board, Eugene W. Rice ... [et al.] ; managing editor, Laura Bridgewater. aWashington, D.C. :bAmerican Water Works Association,c2012. a1 v. (various pagings) :bill. (some col.) ;c29 cm. aIncludes bibliographical references and index. 0aWaterxAnalysis.932984 0aSewagexAnalysis.919276 bGencMarch20131 aRice, Eugene W.9329852 aAmerican Water Works Association.932986 2ddccBB c17405d17377 00102ddc40708BaccahaMAINbMAINc1STd2013-03-26epurchasel1m2o628.161 STAp000028636r2025-07-15 00:00:00s2022-05-19yBB